Nakupujeme zriedkavejšie a viac

Výdavky slovenských domácností v roku 2002, 2005. Kam smerujú výdavky. Štruktúra spotreby domácností v CEE. Pôžičky aj sporenie. Banky v roku 2006 požičali vyše 200 mld. Sk.

Salvato in:
Dettagli Bibliografici
Autore principale: Barusová, Marcela
Natura: Capitolo di libro
Lingua:slovacco
Soggetti:
Tags: Aggiungi Tag
Nessun Tag, puoi essere il primo ad aggiungerne!!

MARC

LEADER 00000naa$a2200000$$$4500
001 0061601
005 20231128092710.0
041 0 |a slo 
044 |a SK 
245 1 0 |a Nakupujeme zriedkavejšie a viac  |c Marcela Barusová 
520 |a Výdavky slovenských domácností v roku 2002, 2005. Kam smerujú výdavky. Štruktúra spotreby domácností v CEE. Pôžičky aj sporenie. Banky v roku 2006 požičali vyše 200 mld. Sk. 
610 2 0 |a domácnosti 
610 2 0 |a výdavky 
610 2 0 |a výdavky obyvateľstva 
610 2 0 |a spotreba domácností 
610 2 0 |a nákup 
610 2 0 |a sporenie obyvateľstva 
610 2 0 |a Slovensko 
100 1 |a Barusová, Marcela